The complete cancer cleaner : a proven program to detoxify and renew body, mind, and spirit (Record no. 8282)

MARC details
000 -LEADER
fixed length control field 00705nam a22002057a 4500
003 - CONTROL NUMBER IDENTIFIER
control field OSt
005 - DATE AND TIME OF LATEST TRANSACTION
control field 20260205004422.0
008 - FIXED-LENGTH DATA ELEMENTS--GENERAL INFORMATION
fixed length control field 260205b |||||||| |||| 00| 0 eng d
020 ## - INTERNATIONAL STANDARD BOOK NUMBER
International Standard Book Number 9780785288633
040 ## - CATALOGING SOURCE
Original cataloging agency DWCL-Main Lib
Transcribing agency OC
082 ## - DEWEY DECIMAL CLASSIFICATION NUMBER
Classification number Res. 616.99406 C141 2006
100 ## - MAIN ENTRY--PERSONAL NAME
Personal name Calbon,Cherie
245 ## - TITLE STATEMENT
Title The complete cancer cleaner : a proven program to detoxify and renew body, mind, and spirit
260 ## - PUBLICATION, DISTRIBUTION, ETC.
Place of publication, distribution, etc. Nashville, Tennessee :
Name of publisher, distributor, etc. Thomas Nelson,
Date of publication, distribution, etc. c2006
300 ## - PHYSICAL DESCRIPTION
Extent 345 pages :
Other physical details illustrations ;
Dimensions c2006
504 ## - BIBLIOGRAPHY, ETC. NOTE
Bibliography, etc. note Includes bibliographical references and index.
650 ## - SUBJECT ADDED ENTRY--TOPICAL TERM
Topical term or geographic name entry element Cancer - altrnative treatment.
650 ## - SUBJECT ADDED ENTRY--TOPICAL TERM
Topical term or geographic name entry element Detoxification (Health).
942 ## - ADDED ENTRY ELEMENTS (KOHA)
Source of classification or shelving scheme Dewey Decimal Classification
Koha item type Book- Reserved
Call number suffix Res.
Suppress in OPAC No
952 ## - LOCATION AND ITEM INFORMATION (KOHA)
--
Holdings
Withdrawn status Lost status Source of classification or shelving scheme Damaged status Not for loan Home library Current library Date acquired Source of acquisition Total Checkouts Full call number Barcode Date last seen Copy number Price effective from Koha item type Uniform Resource Identifier
    Dewey Decimal Classification     Junior High School Library Junior High School Library 09/04/2010 Library Fund   Res. 616.99406 C141 2006 JHS - 15760 02/05/2026 c1 02/05/2026 BK-0 CIRC